000 00735nam a2200205 a 4500
001 000033580
005 20240410073847.0
008 091204s1918 dr ac 001 0 spa d
040 _aDO-SdBNP
_bspa
_cBNPHU
082 _a917.293
_bA174v
100 1 _aAcevedo, Octavio A.
_931904
245 1 0 _aViaje oficial por el interior de la República /
_cOctavio A. Acevedo.
260 _aSanto Domingo :
_bTip. "El Progreso",
_c1918.
300 _a44 p. :
_bil., retrs. ;
_c23 cm.
650 4 _aCiudades y pueblos
_zRepública Dominicana
_9784
651 4 _aRepública Dominicana
_xDescripciones Y Viajes
_91651
651 0 _aRepública Dominicana --
_xHistoria --
_y1844-1930
_91009
910 _aValidado. Control de calidad EMS
049 _aBNPD
999 _c33071
_d33071